000 00386pab a2200157 454500
008 180718b2010 xxu||||| |||| 00| 0 eng d
100 _aJain, Sachin Kumar
245 _aAgriculture devastated by chemicals: Jhabua, a text-book case
260 _c2010
300 _ap.32-33, 41.
362 _aJul
650 _aAgriculture
773 _aKurukshetra
908 _aN
909 _a86887
999 _c86887
_d86887